| 000 | 00819nam a22002537a 4500 | ||
|---|---|---|---|
| 003 | DO-SdBNP | ||
| 005 | 20230314131818.0 | ||
| 008 | 171122b 2016 sp||| 00| 0 spa d | ||
| 020 | _a9788498386592 | ||
| 040 |
_aBPMSU _bspa _cBPMSU |
||
| 082 | 4 |
_a823.91 _bR884H 2016 _222 |
|
| 100 | 1 | _aRowling, J. K. | |
| 245 | 1 | 0 |
_aHarry potter y la cámara secreta / _cJ. K.. Rowling |
| 260 |
_aBarcelona : _bSalamandra _c2016 |
||
| 300 |
_a292 p. _c22 cm |
||
| 490 | 0 |
_aHarry Potter _v2 |
|
| 500 | _aIncluye datos biográficos de la autora en la solapa de la cubierta | ||
| 534 |
_aTítulo original : _tHarry potter and the chamber of secrets. |
||
| 590 | _6Inventariado, 2023/VM | ||
| 650 | 4 | _aNovela juvenil inglesa | |
| 650 | 4 |
_aMagia _vNovela juvenil. |
|
| 910 | _aVMateo V. Control de calidad (BPMSU) | ||
| 942 |
_2ddc _cBK |
||
| 999 |
_c13002 _d13002 |
||